Engineering Chemistry (Record no. 12616)

MARC details
000 -LEADER
fixed length control field 00599nmm a2200193 a 4500
020 ## - INTERNATIONAL STANDARD BOOK NUMBER
ISBN 978-9352605774
022 ## - INTERNATIONAL STANDARD SERIAL NUMBER
ISSN 9352605772
100 1# - MAIN ENTRY--AUTHOR NAME
Personal name Palanna.
245 10 - TITLE STATEMENT
Title Engineering Chemistry
260 ## - PUBLICATION, DISTRIBUTION, ETC. (IMPRINT)
Place of publication [S.l.] :
Name of publisher Tata McGraw Hill,
Year of publication 2009.
300 ## - PHYSICAL DESCRIPTION
Number of Pages 1 online resource (1 v. (unpaged))
500 ## - GENERAL NOTE
General note Kindle eBook.
650 ## - SUBJECT ADDED ENTRY--TOPICAL TERM
Topical Term Science--Study and teaching--
650 ## - SUBJECT ADDED ENTRY--TOPICAL TERM
Topical Term Research
650 ## - SUBJECT ADDED ENTRY--TOPICAL TERM
Topical Term Science--Study and teaching--Research
700 ## - ADDED ENTRY--PERSONAL NAME
Personal name Kanaujia, Sudhanshu-Singh, Praveen P-Srivastava, Visha
856 ## - ELECTRONIC LOCATION AND ACCESS
Uniform Resource Identifier http://www.amazon.com/exec/obidos/ASIN/B00DGTTWBU/chopacon
942 ## - ADDED ENTRY ELEMENTS (KOHA)
Koha item type Books
Holdings
Withdrawn status Lost status Home library Current library Date acquired Full call number Accession Number Koha item type
    Central Library, QUEST, Nawabshah Central Library, QUEST, Nawabshah 16/03/2015 540PAL 51189 Books